[Event "51st Groningen Open A 2013"]
[Site "Groningen NED"]
[Date "2013.12.22"]
[Round "2.48"]
[White "Gerlagh,Joris"]
[Black "Beerdsen,Thomas"]
[Result "0-1"]
[WhiteElo "2032"]
[BlackElo "2154"]

1.d4 d5 2.c4 c6 3.Nf3 Nf6 4.g3 Bf5 5.Qb3 Qc8 6.Nc3 dxc4 7.Qxc4 Nbd7 8.Bg2 h6
9.O-O e6 10.Re1 Be7 11.Bf4 O-O 12.e4 Bh7 13.Rac1 Rd8 14.Qb3 Bf8 15.h4 a5
16.a3 b5 17.e5 Nd5 18.Nxd5 exd5 19.Nd2 Nb6 20.Kh2 Bf5 21.Nf1 Nc4 22.Ne3 Be6
23.Rcd1 Rb8 24.Re2 c5 25.dxc5 d4 26.Nxc4 bxc4 27.Qa4 c3 28.b4 axb4 29.axb4 d3
30.Re3 c2 31.Ra1 Rd4 32.Re4 Bxc5 33.Rxd4 Bxd4 34.Ra3 c1=Q 35.Bxc1 Qxc1 36.Rxd3 Bxf2
37.Rd1 Qe3 38.Bh3 Qxg3+ 39.Kh1 Bd5+ 40.Bg2 Qh3+  0-1

[Event "51st Groningen Open A 2013"]
[Site "Groningen NED"]
[Date "2013.12.23"]
[Round "3.20"]
[White "Lopez,Ja"]
[Black "Arslanov,S"]
[Result "1/2-1/2"]
[WhiteElo "2179"]
[BlackElo "2403"]

1.d4 d5 2.c4 c6 3.Nf3 Nf6 4.Qc2 dxc4 5.e4 b5 6.b3 cxb3 7.axb3 e6 8.Bd2 a5
9.Bd3 Bb7 10.O-O Nbd7 11.Nc3 b4 12.Na4 Be7 13.e5 Nd5 14.Bxh7 c5 15.Rfe1 Rc8
16.Qd3 cxd4 17.Nxd4 Bc5 18.Nxe6 Bxf2+ 19.Kxf2 Qh4+ 20.Qg3 Qxg3+ 21.Kxg3 Rxh7
22.Ng5 Rh6 23.e6 fxe6 24.Nxe6 Rg6+ 25.Ng5+ Kf8 26.h4 Rc2 27.Re2 N7f6 28.Rae1 Ba6
29.Rf2 Kg8 30.Re5 Bb7 31.Be1 Rxf2 32.Bxf2 Nc3 33.Nxc3 bxc3 34.Be3 Ne4+ 35.Kh2 Nxg5
36.Bxg5 c2 37.Rc5 Be4 38.Kg3 Re6 39.Rxa5 Rc6 40.Bc1 Rc3+ 41.Kf2 Rxb3 42.Rc5 Kf7
43.Bf4 Rb1 44.Re5 Bd3 45.Re1 Rd1 46.Bg5 Bc4 47.Bf4 Bd5 48.g3 Be6 49.Bg5 Bd7
50.Ke2 Kg6 51.Kf2 Kf5 52.Bc1 Kg4 53.Bg5 Bc6 54.Bf4 Bf3 55.Re7 g6 56.Re5 Bd5
57.h5 Bc4 58.Kg2 Bf1+ 59.Kf2 Ba6 60.Kg2 Bb7+ 61.Kf2 c1=Q 62.Rg5+ Kh3 63.Bxc1 Rxc1
64.hxg6 Rc8 65.g7 Rg8 66.Ke3 Ba6 67.Kf3 Bb7+ 68.Kf2 Bc6 69.Ke3 Ba4 70.Kf3 Bd1+
71.Kf4 Bb3 72.Kf5 Rb8 73.Rh5+ Kxg3 74.Rh8 Bg8 75.Rxg8 Rxg8 76.Kg6 Kg4 77.Kh7 Rxg7+
78.Kxg7  1/2-1/2

[Event "Chinese Teams 2013"]
[Site "Tianjin CHN"]
[Date "2013.12.23"]
[Round "21.5"]
[White "Bu Xiangzhi"]
[Black "Yu Lie"]
[Result "1/2-1/2"]
[WhiteElo "2683"]
[BlackElo "2374"]

1.Nf3 Nf6 2.c4 c6 3.d4 d5 4.Qc2 g6 5.Bf4 Bg7 6.e3 O-O 7.Nc3 Na6 8.Be2 Qa5
9.O-O Be6 10.a3 dxc4 11.Ng5 Nc7 12.Be5 b5 13.Bf3 Bf5 14.e4 Bd7 15.Be2 Ne6
16.Nf3 Rfd8 17.Rfd1 Qb6 18.a4 Be8 19.h3 a6 20.b3 cxb3 21.Qxb3 Nh5 22.Bxg7 Kxg7
23.axb5 axb5 24.Rxa8 Rxa8 25.d5 Nc5 26.Qb4 Kg8 27.Ne5 Nf4 28.Bf1 Rd8 29.Ng4 cxd5
30.exd5 Qd6 31.Bxb5 Rb8 32.Qd4 h5 33.Nh6+ Kh7 34.Bxe8 e5 35.Qe3 Kxh6 36.Bc6 g5
37.Nb5 Qf8 38.Qxe5 f6 39.Qe3 Ng6 40.d6 Nb7 41.Qa7 Qc8 42.d7 Qxc6 43.Qxb8 Nf4
44.Qf8+ Kg6 45.Qe8+ Kh6 46.Qf8+ Kg6 47.Qe8+ Kh6 48.f3 Qc2 49.Qf8+ Kg6 50.Qg8+ Kh6
51.Qf8+  1/2-1/2

[Event "WYCC U16 Girls 2013"]
[Site "Al-Ain UAE"]
[Date "2013.12.24"]
[Round "8.10"]
[White "Parnali,S"]
[Black "Blagojevic,Tijana"]
[Result "0-1"]
[WhiteElo "1895"]
[BlackElo "2019"]

1.d4 d5 2.c4 c6 3.Nf3 Nf6 4.Qc2 dxc4 5.Qxc4 Bf5 6.g3 e6 7.Bg2 Nbd7 8.O-O Be7
9.Nc3 O-O 10.Bf4 Re8 11.Rfd1 Bc2 12.Nb5 Bxd1 13.Nc7 Nb6 14.Qd3 Bxe2 15.Qxe2 Nbd5
16.Nxe8 Nxf4 17.Qe5 Qxe8 18.Qxf4 Nd5 19.Qe4 Bf6 20.g4 g5 21.Re1 Rd8 22.h4 h6
23.hxg5 hxg5 24.Kh2 Kg7 25.Rh1 Qe7 26.Kg1 Rh8 27.Rxh8 Kxh8 28.Bf1 Nf4 29.Bc4 Qc7
30.Bb3 Kg7 31.Bc2 Ng6 32.b4 a5 33.bxa5 Qxa5 34.Bb3 Qc3 35.Kh2 Bd8 36.Kg1 Qc1+
37.Ne1 Bf6 38.Kh2 Qf4+ 39.Qxf4 Nxf4 40.Nc2 Ne2 41.Bc4 Nxd4 42.Nxd4 Bxd4 43.Kg3 Ba7
44.Kf3 Kf6 45.Bd3 Ke5 46.Bh7 b5 47.Ke2 f5 48.gxf5 exf5 49.Bg6 g4 50.Be8 Kd6
51.Bg6 f4 52.Bf5 g3 53.fxg3 fxg3 54.Be4 Bf2 55.Bd3 Kd5 56.Kf3 Kd4 57.Bg6 c5
58.a3 Kc3 59.Ke2 Bd4 60.Kf3 Be5 61.Be4 b4 62.axb4 cxb4 63.Ke2 b3 64.Kd1 Bd4
65.Ke2 b2 66.Kf3 Be5 67.Ke2 Bf6 68.Kf3 Bh4 69.Kg2 Kd2 70.Kh3 Kc1 71.Kxh4 g2
72.Bxg2 b1=Q  0-1

[Event "51st Groningen Open A 2013"]
[Site "Groningen NED"]
[Date "2013.12.27"]
[Round "6.46"]
[White "Gerlagh,Joris"]
[Black "Go,B"]
[Result "1-0"]
[WhiteElo "2032"]
[BlackElo "2140"]

1.d4 Nf6 2.Nf3 d5 3.c4 c6 4.g3 dxc4 5.Bg2 e6 6.Nc3 Nbd7 7.a4 Bb4 8.O-O Qa5
9.Qc2 e5 10.Ne4 exd4 11.Nxd4 O-O 12.Nxf6+ Nxf6 13.Qxc4 Qc5 14.Qxc5 Bxc5 15.Nb3 Be7
16.Bf4 Nd5 17.Be5 Bg4 18.e4 Nb4 19.Bc3 Rad8 20.Nd4 Bc5 21.h3 Bc8 22.Nb3 Be7
23.Rad1 Nd3 24.Bd4 Be6 25.Rxd3 c5 26.Nxc5 Bc4 27.Bxg7 Kxg7 28.Rxd8 Rxd8 29.Rc1 b5
30.axb5 Bxb5 31.Bf1 Bc6 32.Ne6+ fxe6 33.Rxc6 Bd6 34.Bc4 e5 35.Kg2 Rd7 36.b3 Kf8
37.Rc8+ Kg7 38.Kf3 Bc7 39.Bd5 Bb6 40.Ke2 Kf6 41.Rc6+ Kg7 42.f4 Bd4 43.Kf3 Re7
44.f5  1-0

[Event "Karlstad Open 2013"]
[Site "Karlstad SWE"]
[Date "2013.12.27"]
[Round "1.3"]
[White "Pohjala,H"]
[Black "Lunde,Sigmund"]
[Result "1-0"]
[WhiteElo "2367"]
[BlackElo "1893"]

1.d4 d5 2.Nf3 Nf6 3.c4 c6 4.g3 e6 5.Bg2 Be7 6.O-O O-O 7.Nc3 Nbd7 8.Bf4 a6
9.Rc1 dxc4 10.e4 b5 11.Qc2 Bb7 12.Rfd1 Qb6 13.h4 Rfe8 14.a3 a5 15.Bh3 Rad8
16.Ng5 Nf8 17.a4 Rxd4 18.Rxd4 Qxd4 19.axb5 h6 20.Nf3 Qd3 21.bxc6 Qxc2 22.Rxc2 Bxc6
23.Ne5 Bb7 24.Nxc4 Bb4 25.f3 Ba6 26.Na4 Nh5 27.Bc7 Bb5 28.b3 Re7 29.Ncb6 e5
30.Nd5 Re8 31.Kf2 Ne6 32.Bxe5 Bd3 33.Rc1 g6 34.g4 Nhg7 35.Nf6+ Kf8 36.Nxe8 Kxe8
37.Bf1 Ke7 38.Bxd3  1-0

[Event "Cracovia Open A 2013-14"]
[Site "Krakow POL"]
[Date "2013.12.27"]
[Round "1.14"]
[White "Martinsen,S"]
[Black "Habu,Y"]
[Result "0-1"]
[WhiteElo "2141"]
[BlackElo "2404"]

1.d4 d5 2.c4 c6 3.Nf3 Nf6 4.Qc2 dxc4 5.Qxc4 Bf5 6.g3 e6 7.Bg2 Nbd7 8.O-O Be7
9.e3 O-O 10.Qe2 Ne4 11.Nfd2 Ndf6 12.Nb3 Bg6 13.f3 Nd6 14.e4 Nd7 15.Nc3 a5
16.Rd1 a4 17.Nc5 b5 18.Be3 Nc4 19.Nxd7 Qxd7 20.Bf2 a3 21.b3 Nb2 22.Rdc1 f5
23.f4 b4 24.exf5 Bxf5 25.Na4 Nxa4 26.Bxc6 Qd8 27.bxa4 Rc8 28.g4 Bg6 29.Qxe6+ Bf7
30.Qe2 Bf6 31.Bf3 Rxc1+ 32.Rxc1 Bxd4 33.Rd1 Bxf2+ 34.Qxf2 Qf6 35.Rd4 b3 36.g5 Qb6
37.axb3 a2 38.Rd1 Qxb3 39.Ra1 Qc3 40.Qf1 Bc4  0-1

[Event "10th Schachturken-Cup 2013"]
[Site "Paderborn GER"]
[Date "2013.12.27"]
[Round "2"]
[White "Teske,H"]
[Black "Heidel,A"]
[Result "1-0"]
[WhiteElo "2537"]
[BlackElo "2142"]

1.Nf3 d5 2.d4 Nf6 3.c4 c6 4.Nbd2 e6 5.g3 Nbd7 6.Bg2 Bd6 7.O-O O-O 8.Qc2 Re8
9.Rd1 Qe7 10.b3 e5 11.cxd5 cxd5 12.dxe5 Nxe5 13.Bb2 Nxf3+ 14.Bxf3 Be6 15.Nf1 Rac8
16.Qd2 Ba3 17.Ne3 Bxb2 18.Qxb2 Red8 19.Rd4 Rd7 20.Rad1 Rcd8 21.Qc2 h6 22.Qd3 Qc5
23.b4 Qc7 24.Kg2 Qe5 25.b5 Qc7 26.Qb3 Qc5 27.Qb2 Qb6 28.a4 Qc5 29.Rc1 Qb6
30.Qb4 a6 31.bxa6 Qxa6 32.Rc5 Qa7 33.Rb5 Qb8 34.h3 Qc8 35.h4 h5 36.Rf4 d4
37.Nf5 Qc3 38.Rxd4 Nd5 39.Rbxd5 Qxb4 40.Rxd7 Qb1 41.Rxd8+ Kh7 42.Nd6 g6 43.Nxf7  1-0

[Event "PanAm Intercollegiate 2013"]
[Site "Lubbock USA"]
[Date "2013.12.28"]
[Round "2.3"]
[White "Margvelashvili,G"]
[Black "Wang,E"]
[Result "1/2-1/2"]
[WhiteElo "2555"]
[BlackElo "2139"]

1.d4 d5 2.Nf3 Nf6 3.c4 c6 4.Qb3 g6 5.e3 Bg7 6.Nc3 O-O 7.Be2 Qb6 8.Qa3 Re8
9.h3 Nbd7 10.cxd5 cxd5 11.Qa4 Qd8 12.O-O e5 13.dxe5 Nxe5 14.Rd1 Nc6 15.Bd2 Be6
16.Be1 a6 17.Nd4 Nxd4 18.Qxd4 Ne4 19.Qb4 Bxc3 20.bxc3 Qg5 21.Kf1 b5 22.Qd4 Qh6
23.Kg1 Qg5 24.Kh2 Nd6 25.g4 Qh6 26.c4 bxc4 27.Bc3 f6 28.Qxf6 Ne4 29.Qh8+ Kf7
30.Qd4 Rf8 31.f4 Qh4 32.Rg1 Nxc3 33.Qxc3 Qf6 34.Qa5 Rab8 35.Raf1 Rb2 36.Rg2 Kg8
37.Bf3 Rxg2+ 38.Bxg2 Qb2 39.Kg1 Qb5 40.Qc3 Qb6 41.Kh1 Re8 42.f5 Bf7 43.Rf3 Qb1+
44.Rf1 Qd3 45.Qf6 Rxe3 46.fxg6 Qxg6 47.Qf4 Re8 48.Qd4 Qg7 49.Qc5 Qe5 50.Rf5 Qe1+
51.Kh2 Qe3 52.Bxd5 Qxc5 53.Bxf7+ Kg7 54.Rxc5 Kxf7 55.a4 Re4 56.Kg3 c3 57.Rc7+ Kg8
58.a5 Re5 59.Rxc3 Rxa5 60.h4 Ra4 61.g5 h6 62.Rc8+ Kg7 63.Rc7+ Kg8 64.gxh6 Kh8
65.Ra7 Kg8  1/2-1/2

[Event "10th Schachturken-Cup 2013"]
[Site "Paderborn GER"]
[Date "2013.12.28"]
[Round "3"]
[White "Epishin,V"]
[Black "Biebinger,G"]
[Result "1-0"]
[WhiteElo "2548"]
[BlackElo "2303"]

1.d4 d5 2.c4 c6 3.Nf3 Nf6 4.Qb3 e6 5.Bg5 Be7 6.Nc3 O-O 7.e3 a5 8.a3 Nbd7
9.Be2 h6 10.Bh4 a4 11.Qc2 dxc4 12.Bxc4 Nb6 13.Be2 Nfd5 14.Bxe7 Qxe7 15.O-O Bd7
16.Ne5 Rfc8 17.Nd3 Ra7 18.Ne4 Rca8 19.Nec5 Be8 20.e4 Nc7 21.Nb4 Nd7 22.Nxd7 Bxd7
23.Rad1 Ne8 24.Rfe1 Ra5 25.Nd3 Nd6 26.Ne5 Be8 27.Nf3 Qd8 28.Bd3 Nc8 29.Qc3 Ne7
30.Ne5 R5a7 31.Bc4 Qa5 32.Qe3 Qc7 33.f4 b5 34.Ba2 Rb7 35.Qf2 b4 36.axb4 Rxb4
37.f5 exf5 38.exf5 Rab8 39.Nd3 R4b5 40.Bc4 R5b6 41.f6 Nd5 42.fxg7 Kxg7 43.Re5 Qd6
44.Rde1 Bd7 45.Nc5 Bc8 46.Bd3 Qd8 47.Rf1 Nf6 48.Re8 Qd6 49.Ne4  1-0

[Event "30th Boeblinger Open 2013"]
[Site "Boeblingen GER"]
[Date "2013.12.29"]
[Round "7.3"]
[White "Fedorovsky,M"]
[Black "Starostits,I"]
[Result "1/2-1/2"]
[WhiteElo "2388"]
[BlackElo "2458"]

1.d4 d5 2.c4 dxc4 3.Nf3 c6 4.e3 Be6 5.Nc3 b5 6.Be2 Nf6 7.O-O g6 8.Ng5 Bd7
9.a4 a5 10.d5 b4 11.dxc6 Nxc6 12.Bxc4 Ne5 13.Qd4 Nxc4 14.Qxc4 e6 15.Nb5 Rc8
16.Qe2  1/2-1/2

[Event "Cracovia Open A 2013-14"]
[Site "Krakow POL"]
[Date "2013.12.29"]
[Round "4.12"]
[White "Hnydiuk,A"]
[Black "Gbyl,A"]
[Result "1/2-1/2"]
[WhiteElo "2399"]
[BlackElo "2214"]

1.Nf3 d5 2.d4 Nf6 3.c4 c6 4.Qc2 g6 5.Bf4 Bf5 6.Qb3 Qb6 7.e3 Nbd7 8.Nc3 e6
9.c5 Qxb3 10.axb3 Nh5 11.Bg5 h6 12.Bh4 g5 13.Bg3 Nxg3 14.hxg3 Bg7 15.b4 e5
16.Be2 g4 17.Nxe5 Nxe5 18.dxe5 h5 19.f4 f6 20.exf6 Bxf6 21.Kd2 Kf7 22.Bd3 Kg6
23.Bxf5+ Kxf5 24.Kd3 a6 25.e4+ dxe4+ 26.Nxe4 Be7 27.Rae1 Rad8+ 28.Kc2 Rd4
29.Nf2 Bf6 30.Nd3 Rc4+ 31.Kb3 Rd4 32.Re3 Rhd8 33.Ne5 h4 34.gxh4 Kxf4 35.Rhe1 Bxh4
36.Ng6+  1/2-1/2

[Event "51st Groningen Open A 2013"]
[Site "Groningen NED"]
[Date "2013.12.30"]
[Round "9.50"]
[White "Veltman,A"]
[Black "Hummel,Pau"]
[Result "1-0"]
[WhiteElo "2052"]
[BlackElo "2011"]

1.d4 Nf6 2.Nd2 d5 3.c4 c6 4.Ngf3 g6 5.e3 Bg7 6.Bd3 O-O 7.O-O Nbd7 8.e4 dxe4
9.Nxe4 Nxe4 10.Bxe4 Nf6 11.Bc2 Bg4 12.Be3 Bh5 13.h3 Qd7 14.Qe2 Rad8 15.Rad1 Qc8
16.a4 h6 17.Bf4 Nh7 18.Qe4 Bxf3 19.Qxf3 Rxd4 20.Rxd4 Bxd4 21.Bxh6 Rd8 22.b3 Bf6
23.Qg3 Nf8 24.Be3 c5 25.h4 Bg7 26.h5 Rd6 27.Qg5 gxh5 28.Qxe7 Qe6 29.Qxb7 Bd4
30.Qe4 Qxe4 31.Bxe4 Ne6 32.Bd5 Kg7 33.Bxe6 fxe6 34.Bxd4+ Rxd4 35.Re1 Kf6
36.Re3 Kf5 37.Kf1 a5 38.Ke2 h4 39.Rf3+ Ke5 40.Rf8 Re4+ 41.Kf1 Rd4 42.Rc8 Kd6
43.Ke2 Re4+ 44.Kf3 Rd4 45.Rb8 Kc7 46.Rb5 Kc6 47.Ke2 h3 48.gxh3 Rh4 49.Rxa5 Rxh3
50.Rb5 Rh1 51.Ke3 Rd1 52.a5 Ra1 53.Kf4 Rf1 54.f3 Re1 55.Kg5 e5 56.Kf5 Rf1
57.Rb6+ Kc7 58.Ke4 Rf2 59.Rf6 Rb2 60.Kxe5 Rxb3 61.Kd5 Ra3 62.a6 Ra4 63.f4  1-0

[Event "51st Groningen Open A 2013"]
[Site "Groningen NED"]
[Date "2013.12.30"]
[Round "9.16"]
[White "Cernousek,L"]
[Black "Balje,J"]
[Result "1-0"]
[WhiteElo "2455"]
[BlackElo "2198"]

1.d4 d5 2.c4 c6 3.Nf3 Nf6 4.g3 Bg4 5.Ne5 Bf5 6.Nc3 e6 7.Qb3 Qb6 8.c5 Qxb3
9.axb3 Nbd7 10.Nxd7 Nxd7 11.b4 e5 12.e3 Be7 13.b5 Bf6 14.Ra4 O-O 15.Kd2 exd4
16.exd4 Rfe8 17.Bd3 Bxd3 18.Kxd3 a6 19.bxc6 bxc6 20.Be3 Reb8 21.Rha1 Rxb2
22.Rxa6 Rc8 23.Ra8 Rbb8 24.Rxb8 Rxb8 25.Ra7 Rd8 26.Na2 Nb8 27.Nb4 Rf8 28.Bf4  1-0

[Event "26th Staufer-Open A 2014"]
[Site "Schwaebisch Gmuend GER"]
[Date "2014.01.02"]
[Round "1.8"]
[White "Krockenberger,M"]
[Black "Starostits,I"]
[Result "0-1"]
[WhiteElo "2161"]
[BlackElo "2458"]

1.d4 d5 2.c4 dxc4 3.Nf3 c6 4.a4 Nf6 5.Nc3 Bf5 6.Ne5 Nbd7 7.Nxc4 Nd5 8.e3 e6
9.Be2 Be7 10.O-O O-O 11.f3 Bg6 12.e4 Nb4 13.Be3 a5 14.Bf2 f5 15.e5 Nb8 16.Qb3 Bf7
17.Rfd1 N8a6 18.Na3 Nc7 19.Nc2 Nbd5 20.Nxd5 exd5 21.Ne1 Rb8 22.Nd3 Ne6 23.Qc3 f4
24.Nc1 Bg6 25.Bd3 Bf5 26.Ne2 Bb4 27.Qc2 g6 28.Be1 Bxe1 29.Rxe1 Qh4 30.Red1 Bxd3
31.Rxd3 Rf5 32.Qc1 Rh5 33.h3 Qg5 34.Kf1 Rf8 35.Rb3 Rf7 36.Qd2 Ng7 37.Rd1 Rh4
38.Kf2 Qd8 39.Rc1 Nf5 40.Rc5 Ne3 41.Rxe3 fxe3+ 42.Qxe3 Rh5 43.Qc3 Rhf5 44.Rxa5 Qh4+
45.Kg1 Qg5 46.Kh2 Qh4 47.g3 Qd8 48.f4 g5 49.Rc5 gxf4 50.Nxf4 h5 51.Qf3 Qb6
52.Qg2 Qb4 53.e6 Rg7 54.Qc2 Qxd4  0-1

[Event "26th Staufer-Open A 2014"]
[Site "Schwaebisch Gmuend GER"]
[Date "2014.01.03"]
[Round "4.2"]
[White "Epishin,V"]
[Black "Schackmann,Oliver"]
[Result "1-0"]
[WhiteElo "2548"]
[BlackElo "1928"]

1.d4 d5 2.c4 c6 3.Nf3 Nf6 4.Qb3 dxc4 5.Qxc4 Bf5 6.e3 e6 7.Nbd2 Nbd7 8.Be2 Be7
9.O-O O-O 10.Qb3 Qb6 11.Nc4 Qxb3 12.axb3 Nb6 13.Bd2 Nxc4 14.bxc4 c5 15.dxc5 Bxc5
16.Rfc1 Rfd8 17.Be1 Bd3 18.Kf1 Bxe2+ 19.Kxe2 Be7 20.Nd4 Rdc8 21.b4 Kf8 22.f3 Nd7
23.Ra2 Ne5 24.c5 a6 25.Rd1 Ke8 26.Bc3 Bf6 27.Rda1 Rab8 28.f4 Nc6 29.Nxc6 Bxc3
30.Nxb8 Bxa1 31.Rxa1 Rxb8 32.Kd3 Rd8+ 33.Kc3 f5 34.b5 axb5 35.Ra7 b4+ 36.Kxb4 Rd2
37.Kc3 Rxg2 38.Rxb7 Rxh2 39.Rxg7 Ra2 40.Kd4 Ra4+ 41.Ke5 Ra6 42.Rxh7 Kd8 43.Rb7 Rc6
44.Rb6 Rxc5+ 45.Kd6 Rd5+ 46.Kxe6 Rd3 47.Rd6+  1-0

[Event "Bay Area International 2014"]
[Site "Santa Clara USA"]
[Date "2014.01.05"]
[Round "5.11"]
[White "Gorovets,A"]
[Black "Ishhanov,T"]
[Result "1-0"]
[WhiteElo "2494"]
[BlackElo "2314"]

1.d4 d5 2.c4 c6 3.Nf3 Nf6 4.Qb3 dxc4 5.Qxc4 Bf5 6.g3 Qd5 7.Qa4 b5 8.Qd1 e5
9.Nc3 Bb4 10.Bg2 e4 11.Ne5 Nbd7 12.Bf4 Qe6 13.O-O O-O 14.Qb3 Qxb3 15.axb3 Nxe5
16.Bxe5 Rfe8 17.Bxf6 gxf6 18.Ra6 Bxc3 19.bxc3 Rec8 20.b4 Rc7 21.Rfa1 Kf8
22.Kf1 Ke7 23.Ke1 Kd6 24.Kd2 Bc8 25.R6a5 f5 26.Ke3 Ke6 27.f3 exf3 28.Bxf3 a6
29.c4 Bb7 30.c5 Rd8 31.Rxa6 Bxa6 32.Rxa6 Kd7 33.Kf4 Re8 34.Kxf5 Re3 35.Kf6 Kc8
36.Ra8+ Kb7 37.Ra5 Kc8 38.Ra6 Kb7 39.Rb6+ Ka7 40.Kf5 Rb3 41.Bxc6 Rxb4 42.Ke5 Re7+
43.Kd5 Rxe2 44.Rb7+ Ka6 45.Rb8 Re7 46.Kd6 Re6+ 47.Kc7 Re7+ 48.Kd8 Ra7 49.d5 Rb1
50.d6 b4 51.d7  1-0